Inyección de combustible en puerto : introducción /

Serie de capacitación acerca de los sistemas de inyección de combustible en puerto para automóviles, surgidos como una tecnología más óptima de envío y distribución del combustible –controlados electrónicamente- en cada cilindro ante el aumento de precios de los combustibles, el incremento de las em...

Бүрэн тодорхойлолт

-д хадгалсан:
Номзүйн дэлгэрэнгүй
Үндсэн зохиолч: McKenna, Tom (autor)
Бусад зохиолчид: Huber, Dan (producción) (producción), Koistra, Steve (fotógrafo) (fotógrafo), Schell, Randy (fotógrafo) (fotógrafo)
Формат: Гулсуулах
Хэл сонгох:испани
Хэвлэсэн: EUA : Bergwall, 1988, c1988
México : Thomson [distribución], 2004, c2004
Нөхцлүүд:
Шошгууд: Шошго нэмэх
Шошго байхгүй, Энэхүү баримтыг шошголох эхний хүн болох!

MARC

LEADER 00000ngm^a2200000^a^4500
001 000189800
005 20250521000000.0
009 20260310102425.913
020 |a 970-686-453-9 
037 |a Acervo ITESO - Biblioteca 
041 |a ESP 
082 |a 629. 253  |b MCK V. 1 
100 |a McKenna, Tom  |e (autor) 
240 1 1 |a [Inyección de combustible en puerto] 
245 1 0 |a Inyección de combustible en puerto :  |b introducción /  |c T. McKenna ; prod. de D. Huber. 
264 4 |a EUA :  |b Bergwall,  |c 1988, c1988 
264 4 |a México :  |b Thomson [distribución],  |c 2004, c2004 
300 |a 1 DVD sin dato de región  |c (12 min.) 
336 |a imagen móvil bidimensional  |b tdi  |2 rdacontenido 
337 |a video  |b v  |2 rdamedio 
338 |a videodisco  |b vd  |2 rdasoporte 
500 |a Traducción de: Port Fuel Injection: An Introduction 
520 |a Serie de capacitación acerca de los sistemas de inyección de combustible en puerto para automóviles, surgidos como una tecnología más óptima de envío y distribución del combustible –controlados electrónicamente- en cada cilindro ante el aumento de precios de los combustibles, el incremento de las emisiones tóxicas y la demanda de motores más eficientes. Aunque son utilizados como ejemplos de apoyo los sistemas de inyección en puerto y en puertos gemelos de la fábrica General Motors, las explicaciones son válidas para cualquier marca y modelo de automóvil. El primero de los tres programas de la serie tiene un carácter introductorio: tras una exposición sobre el principio de la combustión, son presentadas las entradas y salidas del módulo de control electrónico del sistema. La serie continúa en la segunda entrega con una revisión de las partes básicas, y sus respectivas funciones, de un sistema de inyección. 
546 |a Doblaje al español 
649 |a XX 
650 |a Automóviles -  |x Sistemas de Combustible -  |x Tema Principal 
650 |a Automóviles -  |x Motores -  |x Cilindros 
650 |a Automóviles -  |x Motores 
650 |a Automóviles -  |x Equipo Eléctrico 
650 |a Motores de Combustión Interna 
650 |a Motores 
650 |a Combustibles 
650 |a Combustión 
650 |a Transporte Terrestre 
650 |a Termodinámica 
650 |a Fisicoquímica 
650 |a Ingeniería Electrónica 
650 |a Ingeniería Automotriz 
700 |a Huber, Dan  |e (producción) 
700 |a Koistra, Steve  |e (fotógrafo) 
700 |a Schell, Randy  |e (fotógrafo) 
910 |a Fondo General 
920 |a Audiovisuales - DVDs 
905 |a 308 
901 |a 0500129205  |b IT2  |c DVR  |u 20250521 
902 |a https://opac.biblio.iteso.mx/vufind/Record/000189800